| 000 | 00696nam a22002177a 4500 | ||
|---|---|---|---|
| 003 | OSt | ||
| 005 | 20160803152321.0 | ||
| 008 | 160803b xxu||||| |||| 00| 0 eng d | ||
| 020 | _a075065564x | ||
| 040 | _c040a | ||
| 082 |
_aWB 320 _bS1s 2005 |
||
| 245 |
_aScience-based rehabilitation : _btheories into practice / _cKathryn Refshauge, Louise Ada, Elizabeth Ellis |
||
| 260 |
_aEdinburgh _bButterworth Heinemann _c2005 |
||
| 300 |
_ax, 255p; _bcol.ill : _c14 cm. |
||
| 504 | _aIncludes bibliographical references and index | ||
| 650 |
_aRehabilitation _910549 |
||
| 700 |
_aRefshauge, Kathryn _910550 |
||
| 700 |
_aAda, Louise _910551 |
||
| 700 |
_aEllis, Elizabeth _910552 |
||
| 942 |
_2z _cO_SHELF |
||
| 999 |
_c4911 _d4911 |
||